Big 4 No More Quiz Stats

 Plays Quiz Updated Feb 5, 2017

Challenge
Share
Tweet
Embed
Score 0/65 Timer 06:00
1 Play Today
City % Correct
St. Louis
75.4%
Seattle
74%
San Diego
64.9%
St. Louis
62.1%
KC/Omaha
59.5%
Kansas City
57.6%
Cleveland
56.3%
Montreal
55.5%
Baltimore
53.7%
Atlanta
51.5%
Hartford
50.6%
Hartford
50.6%
Hartford
50.6%
San Diego
50.3%
Buffalo
50.2%
Buffalo
50.2%
Vancouver
46.3%
Cincinnati
45.7%
Oakland
45.3%
Milwaukee
40.6%
Brooklyn
40%
Brooklyn
40%
Columbus
38.6%
Columbus
38.6%
Syracuse
36.8%
Indianapolis
36.8%
Syracuse
36.8%
Quebec City
35.4%
Rochester
32.1%
Rochester
32.1%
Rochester
32.1%
Louisville
29.1%
Louisville
29.1%
City % Correct
Providence
27.9%
Providence
27.8%
Providence
27.8%
Newark/Orange
26.9%
Richmond
25.7%
Akron
22.8%
Fort Wayne
22.5%
Canton
20.4%
Toledo
20.4%
Toledo
20.4%
Dayton
16.9%
Decatur
10.8%
Hamilton
9.2%
Worcester
9%
Duluth
7.4%
Portsmouth
7%
Wilmington
6.2%
Evansville
4.9%
Tri-Cities/Moline
4.5%
Racine
4.5%
Troy
4%
Pottsville
3.8%
Altoona
3.1%
Kenosha
2.5%
Muncie
2.4%
Sheboygan
2.3%
Anderson
1.8%
Rock Island
1.8%
LaRue/Marion
1.7%
Hammond
1.5%
Waterloo
1.5%
Tonawanda
1.2%

You're not logged in!

Compare scores with friends on all Sporcle quizzes.
Join for Free
OR
Log In

You Might Also Like...

Show Comments

Extras

Top Quizzes Today


Score Distribution

Your Account Isn't Verified!

In order to create a playlist on Sporcle, you need to verify the email address you used during registration. Go to your Sporcle Settings to finish the process.

Report this User

Report this user for behavior that violates our Community Guidelines.

Details: